[Event "HUN-chT2 Asztalos 1617"]
[Site "Hungary"]
[Date "2017.02.12"]
[Round "8.11"]
[White "Leipold, Zora"]
[Black "Samu, Jozsef"]
[Result "0-1"]
[WhiteElo "1476"]
[BlackElo "1712"]
[PlyCount "42"]
[EventDate "2016.09.25"]
[EventType "team-tourn"]
[EventRounds "11"]
[EventCountry "HUN"]
[SourceTitle "EXT 2021"]
[Source "ChessBase"]
[SourceDate "2020.10.23"]
[SourceVersion "1"]
[SourceVersionDate "2020.10.23"]
[SourceQuality "1"]
[WhiteTeam "Fehervar"]
[BlackTeam "Kiraly Sakk"]
[WhiteTeamCountry "HUN"]
[BlackTeamCountry "HUN"]

1. e4 c5 2. Nf3 Nc6 3. d4 cxd4 4. Nxd4 d6 5. Nc3 g6 6. Be3 Bg7 7. Qd2 Nf6 8. f3 0-0 9. 0-0-0 Bd7 10. g4 a6 11. h4 b5 12. h5 Qa5 13. Kb1 b4 14. Nxc6 Bxc6 15. Nd5 Nxd5 16. exd5 Ba4 17. a3 Bc3 18. bxc3 bxc3 19. Qd4 Rfb8+ 20. Ka1 Bxc2 21. Rc1 Qxa3# 0-1

[Event "HUN-chT2 Asztalos 1617"]
[Site "Hungary"]
[Date "2016.11.27"]
[Round "5.11"]
[White "Leipold, Zora"]
[Black "Papp, Abel1111"]
[Result "1-0"]
[WhiteElo "1476"]
[BlackElo "1360"]
[PlyCount "79"]
[EventDate "2016.09.25"]
[EventType "team-tourn"]
[EventRounds "11"]
[EventCountry "HUN"]
[SourceTitle "EXT 2021"]
[Source "ChessBase"]
[SourceDate "2020.10.23"]
[SourceVersion "1"]
[SourceVersionDate "2020.10.23"]
[SourceQuality "1"]
[WhiteTeam "Fehervar"]
[BlackTeam "Szentlorinc"]
[WhiteTeamCountry "HUN"]
[BlackTeamCountry "HUN"]

1. e4 c5 2. Nf3 d6 3. d4 cxd4 4. Nxd4 Nf6 5. Nc3 a6 6. f3 e5 7. Nb3 Be6 8. Bg5 Be7 9. Bxf6 Bxf6 10. Nd5 Nd7 11. Nxf6+ Nxf6 12. Qd2 Qc7 13. Bd3 0-0 14. Qa5 Rfc8 15. Qxc7 Rxc7 16. 0-0-0 d5 17. exd5 Nxd5 18. Be4 Nb4 19. Kb1 Rac8 20. c3 f5 21. cxb4 fxe4 22. Nc5 Bf5 23. Nxe4 Rc2 24. Rd8+ Rxd8 25. Kxc2 Kf7 26. Rd1 Rc8+ 27. Kb3 Be6+ 28. Ka3 Ke7 29. Nc5 Rc7 30. Nxe6 Kxe6 31. Kb3 b5 32. Rd3 Kf5 33. Rc3 Rxc3+ 34. bxc3 e4 35. fxe4+ Kxe4 36. c4 Kd4 37. c5 Kd5 38. a4 Kc6 39. axb5+ Kxb5 40. Kc3 1-0

[Event "Gyor op-A 7th"]
[Site "Gyor"]
[Date "2016.07.10"]
[Round "9"]
[White "Leipold, Zora"]
[Black "Vasvari, Attila"]
[Result "1/2-1/2"]
[WhiteElo "1388"]
[BlackElo "1635"]
[PlyCount "45"]
[EventDate "2016.07.06"]
[EventType "swiss"]
[EventRounds "9"]
[EventCountry "HUN"]
[SourceTitle "EXT 2017"]
[Source "ChessBase"]
[SourceDate "2016.10.25"]
[SourceVersion "1"]
[SourceVersionDate "2016.10.25"]
[SourceQuality "1"]

1. e4 c5 2. Nf3 Nc6 3. d4 cxd4 4. Nxd4 Nf6 5. Nc3 e5 6. Ndb5 d6 7. Bg5 a6 8. Na3 b5 9. Nd5 Be7 10. Bxf6 Bxf6 11. Be2 0-0 12. 0-0 Nd4 13. Bg4 Bxg4 14. Qxg4 Ne6 15. Rfd1 Nc5 16. c4 Rb8 17. cxb5 axb5 18. Nb4 Qb6 19. Nd5 Qd8 20. Nb4 Rb6 21. Nd5 Rb8 22. Nb4 Qb6 23. Nd5 1/2-1/2

[Event "Gyor op-A 7th"]
[Site "Gyor"]
[Date "2016.07.09"]
[Round "6"]
[White "Leipold, Zora"]
[Black "Kiraly, Barnabas"]
[Result "1/2-1/2"]
[WhiteElo "1388"]
[BlackElo "1640"]
[PlyCount "115"]
[EventDate "2016.07.06"]
[EventType "swiss"]
[EventRounds "9"]
[EventCountry "HUN"]
[SourceTitle "EXT 2017"]
[Source "ChessBase"]
[SourceDate "2016.10.25"]
[SourceVersion "1"]
[SourceVersionDate "2016.10.25"]
[SourceQuality "1"]

1. e4 e5 2. Nf3 Nc6 3. Bb5 a6 4. Ba4 Nf6 5. 0-0 Be7 6. Re1 b5 7. Bb3 d6 8. c3 0-0 9. h3 Nb8 10. d4 Nbd7 11. Nbd2 Bb7 12. Bc2 Re8 13. Nf1 Bf8 14. Ng3 g6 15. Bd2 Bg7 16. Qc1 Re7 17. Bh6 exd4 18. Bxg7 Kxg7 19. cxd4 Qe8 20. Qf4 Rb8 21. e5 Nd5 22. Qg5 Kh8 23. exd6 cxd6 24. Rxe7 Qxe7 25. Qxe7 Nxe7 26. Re1 Nc6 27. Bb3 Kg7 28. Kf1 Na5 29. Re7 Nxb3 30. Rxd7 Bxf3 31. axb3 Bd5 32. Rxd6 Bxb3 33. Rxa6 Bc4+ 34. Ke1 Rd8 35. Ra3 Rxd4 36. Ne2 Re4 37. Re3 Rxe3 38. fxe3 Kf6 39. Nd4 Ke5 40. Kd2 f5 41. Nf3+ Kf6 42. g3 h6 43. h4 Ke6 44. Nd4+ Kd5 45. Kc3 Ke4 46. Kd2 Bf1 47. b3 Bd3 48. Ne6 Bf1 49. Nd4 b4 50. Nc6 g5 51. hxg5 hxg5 52. Nxb4 Kf3 53. Nd5 Kxg3 54. Ne7 Kg4 55. Ke1 Bb5 56. Kf2 Bd7 57. b4 Bb5 58. Ng6 1/2-1/2

[Event "HUN-ch U12 Girls"]
[Site "Balatonlelle"]
[Date "2016.06.26"]
[Round "3"]
[White "Leipold, Zora"]
[Black "Koltai, Dora"]
[Result "0-1"]
[WhiteElo "1388"]
[BlackElo "1446"]
[PlyCount "94"]
[EventDate "2016.06.24"]
[EventType "swiss"]
[EventRounds "7"]
[EventCountry "HUN"]
[SourceTitle "CBM 173 Extra"]
[Source "ChessBase"]
[SourceDate "2016.08.29"]
[SourceVersion "1"]
[SourceVersionDate "2016.08.29"]
[SourceQuality "1"]

1. e4 e5 2. Nf3 Nf6 3. Nxe5 d6 4. Nf3 Nxe4 5. d4 d5 6. Nc3 Bb4 7. Bd2 Bxc3 8. Bxc3 0-0 9. Be2 Bg4 10. 0-0 Nd7 11. Nd2 Bxe2 12. Qxe2 Ndf6 13. Rfe1 Qd7 14. Rac1 Qa4 15. Nxe4 Nxe4 16. Ra1 Nxc3 17. bxc3 Rae8 18. Qd1 Rxe1+ 19. Qxe1 Qxc2 20. Kf1 Qa4 21. Qe2 Re8 22. Qd3 h6 23. f3 Qa3 24. Qd2 Re6 25. Qc2 Re3 26. Rc1 b6 27. Kf2 Qe7 28. Qd2 Re6 29. g3 Rf6 30. Re1 Qd7 31. Kg2 Qf5 32. Qf2 Rc6 33. Qd2 Rg6 34. Re8+ Kh7 35. Re5 Qd7 36. h4 f6 37. Re2 Qd6 38. f4 f5 39. Qe3 Rf6 40. Qf3 Re6 41. Rd2 Re4 42. Kf2 Qa3 43. Rc2 c5 44. Qd1 cxd4 45. cxd4 Qe3+ 46. Kg2 Rxd4 47. Qh5 Qe4+ 0-1

[Event "HUN-chT2 Asztalos 1516"]
[Site "Hungary"]
[Date "2016.02.14"]
[Round "7.9"]
[White "Brindza, Istvan"]
[Black "Leipold, Zora"]
[Result "1-0"]
[WhiteElo "1962"]
[BlackElo "1367"]
[PlyCount "71"]
[EventDate "2015.09.13"]
[EventType "team-tourn"]
[EventRounds "11"]
[EventCountry "HUN"]
[SourceTitle "EXT 2017"]
[Source "ChessBase"]
[SourceDate "2016.10.25"]
[SourceVersion "1"]
[SourceVersionDate "2016.10.25"]
[SourceQuality "1"]
[WhiteTeam "Baja Spartacus"]
[BlackTeam "Pet"]
[WhiteTeamCountry "HUN"]
[BlackTeamCountry "HUN"]

1. d4 Nf6 2. c4 g6 3. Nc3 Bg7 4. e4 d6 5. Bg5 0-0 6. Qd2 e5 7. dxe5 dxe5 8. Qxd8 Rxd8 9. Nd5 Nbd7 10. 0-0-0 Rf8 11. Nxc7 Rb8 12. f3 h6 13. Be3 b6 14. Ne2 Bb7 15. Nc3 g5 16. Be2 Rbc8 17. N7d5 Nxd5 18. Nxd5 Bxd5 19. Rxd5 Nc5 20. h4 gxh4 21. Rxh4 Kh7 22. g4 f6 23. g5 fxg5 24. Bxg5 Rc6 25. Be3 a5 26. b3 Ne6 27. Rd7 Nf4 28. Rg4 Nxe2+ 29. Kd2 Rg6 30. Rxg6 Kxg6 31. Kxe2 Rb8 32. Rd6+ Kh7 33. Bxb6 Ra8 34. c5 h5 35. c6 Rc8 36. c7 1-0